000 00859nam a2200265 a 4500
999 _c6923
_d6923
005 20200211103006.0
008 140217b2009 ck ||||| |||| 00| 0 spa d
040 _aCO-BoIAVH
_cCO-BoIAVH
041 _aspa
044 _ack
090 _aIAVH
_b01336
100 _aSalgado, Abelardo
_9102649
245 _aPlan de manejo Parque Natural Regional Páramo del Duende
260 _aBogotá
_bInstituto de Investigación de Recursos Biológicos Alexander von Humboldt
_c2009?
300 _a9 Páginas:
_c19 x 22 cm.
650 0 _aPáramos andinos
_9102650
650 0 _aBosques altoandinos
_9102651
650 0 _aConservación de páramos
_z Colombia.
_9102652
662 _aColombia
_cPáramo del Duende
700 _aTapia, Carlos
_96011
700 _aVásquez, Adriana
_94199
700 _aVilla, Claudia
_992669
942 _cImpreso
_2z
_02
945 _dLER